Statistics for Vikings characters

Click here to take the quiz!

General Stats

  • This quiz has been taken 208 times
  • The average score is 11 of 20

Answer Stats

Answer% Correct
Ragnar
99%
Bjorn
98%
Floki
93%
Rollo
93%
Lagertha
89%
Athelstan
68%
King Ecbert
61%
King Horik
60%
Siggy
60%
Princess Aslaug
58%
Jarl Borg
52%
Helga
49%
King Aelle
45%
Torstein
42%
Gyda
37%
Judith
30%
The Seer
25%
Earl Haraldson
19%
Porunn
16%
Princess Kwenthrith
11%

Score Distribution

Percentile by Number Answered

Percent of People with Each Score

Your Score History

You have not taken this quiz